000 00310nam a2200109Ia 4500
008 210430s9999 xx 000 0 und d
020 _a3545-3545-3545
082 _a620.504 E25 N
100 _aEDWARD S S A
_953959
245 _aNANOTECH PIONEERS : WHERE ARE THEY TAKING US
_cEDWARD S S A
942 _cBK
_2ddc
999 _c564346
_d564346